000 01113nam0a22002411 4500
001 rc\2723145
005 20260407082939.0
035 _a(NLR Aleph) 006850741
090 _a6744001
_c6744001
100 _a20110915d1938 |||y0rusy50 ca
101 0 _arus
102 _aRU
105 _aa z |||||
200 1 _aОписание сортов и болезней картофеля
_eПособие для агрономов-апробаторов
_fНауч.-иссл. ин-т картофельного хоз-ва
210 _aМосква
_cСельхозгиз
_d1938
_gТип. изд-ва "Крестьян. газ."
215 _a84 с.
_cил.
_d21 см.
300 _aИз предисл.: "В сост. принимали участие М. М. Максимович, Н. Д. Зайцева и О. П. Чернышева"
710 0 2 _aНИИ картофельного хозяйства
_cст. Малаховка, Московско-Рязанская ж. д.
_3RU\NLR\AUTH\888992
_9290484
801 0 _aRU
_bNLR
_gpsbo
801 1 _aRU
_bELAR
_2rusmarc
852 _aNLR
_j38-11/638
942 _cBOOK
980 _aNB